000 01191nam a2200265 i 4500
001 13904
003 ES-MaACL
005 20250823063029.0
007 t|
008 980807s1992 sp |||| | lat d
020 _a84-86908-80-9
080 _a321.01
080 _a940.21/23
100 1 _aVives, Juan Luis,
_d1492-1540
_9115574
245 1 0 _aIoannis Locovici [i.e. Lodovici] Vivis Valentini, De Europae dissidiis et Republica.
260 _aValencia :
_bAyuntamientio de Valencia,
_c1992.
300 _a[144] p. ;
_c17 cm.
500 _aAcompaña a: De Europae dissidiis et Republica = Sobre las disensiones de Europa y sobre el Estado / Juan Luis Vives. Valencia : Ajuntament, 1992 (Colección J.L. Vives; 2A). Signatura en Biblioteca del Ateneo: L-21307.
500 _aAcompaña a: Juan Luis Vives (1492-1540) : humanista, filósofo, político / Antonio Fontán. Valencia : Ajuntament, 1992 (Colección J.L. Vives). Signatura en Biblioteca del Ateneo: L-21308.
650 4 _aPolítica-
_xFilosofía
_916274
651 4 _aEuropa-
_xHistoria-
_y1517-1648.
_9148148
710 1 _aValencia.
_bAyuntamiento.
_97531
852 _aES-MaACL
_jL-21309
999 _c13904
_d13904